000 00401cam a22001457a 4500
008 180718b xxu||||| |||| 00| 0 eng d
082 _aZ211 K897se
100 _aKrishnamurthy, K.H.
245 _aSeasoning herbs
_cby K.H. Krishnamurthy
260 _aDelhi
_bBooks For All
_c
300 _a105p.
440 _aHealth series: traditional family medicine
650 _aMedicine
650 _aFamily medicine
999 _c400430
_d400430